Bells of the Abhorsen Quiz Stats

Quiz not verified by Sporcle

Challenge
Share
Tweet
Embed
Score 0/7 Timer 02:00
0 Plays Today
Hint: Name of Bell: % Correct
SleeperRanna
100%
WeeperAstarael
100%
WalkerKibeth
94.1%
BinderSaraneth
94.1%
WakerMosrael
88.2%
SpeakerDyrim
82.4%
ThinkerBelgaer
82.4%

You're not logged in!

Compare scores with friends on all Sporcle quizzes.
Join for Free
OR
Log In

You Might Also Like...

Show Comments

Extras

Created Jun 17, 2011ReportNominate
Tags:Book Quiz, fantasy, magic

Top Quizzes Today


Score Distribution

Your Account Isn't Verified!

In order to create a playlist on Sporcle, you need to verify the email address you used during registration. Go to your Sporcle Settings to finish the process.

Report this User

Report this user for behavior that violates our Community Guidelines.

Details: